|
|
|
|
| LEADER |
00000nam a2200000 a 4500 |
| 001 |
vtls009287476 |
| 003 |
SK-MaSNL |
| 005 |
20260301170804.0 |
| 008 |
251029s2008 xo o g 000 0 slo |
| 015 |
|
|
|a SNBA2008/07-03864
|
| 020 |
|
|
|a 9788088979371
|q (brož.)
|
| 040 |
|
|
|a SNK
|b slo
|c SNK
|e AACR2
|
| 041 |
1 |
|
|a slo
|h hun
|
| 044 |
|
|
|a xo
|c SK
|
| 080 |
|
|
|a 75.023.1
|2 2001
|
| 080 |
|
|
|a 75.02
|2 2001
|
| 080 |
|
|
|a (035)
|2 2001
|
| 100 |
1 |
|
|a Mohácsi, Renáta
|4 aut
|9 537499
|
| 240 |
1 |
0 |
|a Festett üvegtárgyak
|l Slovensky
|
| 245 |
1 |
0 |
|a Maľované sklenené predmety
|c Mohácsi Renáta ; [preklad: Edita Mišlaivá]
|
| 250 |
|
|
|a 1. vyd.
|
| 260 |
|
|
|a Veľký Meder
|b Talentum
|c 2008
|
| 300 |
|
|
|a 30 s.
|b fareb. ilustr.
|c 21 cm
|e 1 sch. príl.
|
| 490 |
1 |
|
|a Z dielne DaVinci
|v 9
|
| 500 |
|
|
|a Vydané v spolupráci so sieťou predajní umelecko-remeselných potrieb DaVinci
|
| 650 |
0 |
7 |
|a dekorácie farbami na sklo
|2 SNKPH
|9 88785
|
| 650 |
0 |
7 |
|a maliarske techniky
|2 SNKPH
|9 3129
|
| 655 |
|
7 |
|a príručky
|2 SNKPH
|9 74364
|
| 700 |
1 |
|
|a Mašlaivoá, Edita
|4 trl
|9 537500
|
| 830 |
|
0 |
|a Z dielne DaVinci
|9 317320
|
| 919 |
|
|
|a 978-80-88979-37-1
|
| 958 |
|
|
|a OP
|
| 968 |
|
|
|b MAG
|d 73/77
|
| 999 |
|
|
|c 828743
|d 830673
|
| 952 |
|
|
|a SNK
|b SNK
|y VYP
|7 0
|p 17A0586607
|o snkSD 77325 D1
|i snk2008/9010
|8 0
|0 0
|1 0
|4 0
|d 2008-04-21
|l 0
|r 2017-06-30 00:00:00
|w 2026-02-24
|
| 952 |
|
|
|a SNK
|b SNK
|y PREZ
|7 0
|p 17A0586606
|o snkSD 77325
|i snk2008/9009
|8 0
|0 0
|1 0
|4 0
|d 2008-04-21
|l 0
|r 2025-11-25 00:00:00
|w 2026-02-24
|